[Event "OP-2010-0-01247"]
[Site "LSS email"]
[Date "2010.08.31"]
[Round "?"]
[White "Venturas, Bob"]
[Black "McDonald, Graham R"]
[Result "0-1"]
[WhiteElo "587"]
[BlackElo "1851"]
[PlyCount "38"]
[EventDate "2010.08.26"]
[EventType "tourn (corr)"]
[EventRounds "4"]
[EventCountry "GER"]
[SourceTitle "Telechess CBM 143"]
[Source "ChessBase"]
[SourceDate "2011.07.15"]
[SourceVersion "1"]
[SourceVersionDate "2011.07.15"]
[SourceQuality "1"]

1. e4 e5 2. Nf3 Nc6 3. Bb5 f5 4. Bxc6 bxc6 5. Nxe5 Qe7 6. Qh5+ g6 7. Nxg6 Qxe4+ 8. Kd1 Nf6 9. Qh3 hxg6 10. Qxh8 Qg4+ 11. f3 Qxg2 12. Re1+ Kf7 13. d3 Qxf3+ 14. Re2 Bb7 15. Qh4 Re8 16. Qe1 c5 17. Nd2 Qh5 18. Nf1 Rxe2 19. Qxe2 Bf3 0-1

[Event "OP-2010-0-01247"]
[Site "LSS email"]
[Date "2010.08.30"]
[Round "?"]
[White "Bascetta, Biagio J"]
[Black "McDonald, Graham R"]
[Result "1-0"]
[WhiteElo "1849"]
[BlackElo "1580"]
[PlyCount "27"]
[EventDate "2010.08.26"]
[EventType "tourn (corr)"]
[EventRounds "4"]
[EventCountry "GER"]
[SourceTitle "Corr 2013"]
[Source "ChessBase"]
[SourceDate "2012.11.12"]
[SourceVersion "1"]
[SourceVersionDate "2012.11.12"]
[SourceQuality "1"]

1. e4 e5 2. Nf3 Nc6 3. Bb5 a6 4. Bxc6 dxc6 5. h3 Bd6 6. d4 exd4 7. Qxd4 f6 8. Be3 Be6 9. 0-0 c5 10. Qc3 Qe7 11. Nbd2 0-0-0 12. a3 Nh6 13. e5 Bxe5 14. Nxe5 1-0

[Event "LSS SB-2010-0-00100"]
[Site "LSS email"]
[Date "2010.07.13"]
[Round "?"]
[White "McDonald, Graham R"]
[Black "Tkachenko, Oleg Pavlovich"]
[Result "0-1"]
[WhiteElo "1580"]
[BlackElo "1824"]
[PlyCount "28"]
[EventDate "2010.06.14"]
[EventType "tourn (corr)"]
[EventRounds "6"]
[EventCountry "GER"]
[SourceTitle "Corr 2013"]
[Source "ChessBase"]
[SourceDate "2012.11.12"]
[SourceVersion "1"]
[SourceVersionDate "2012.11.12"]
[SourceQuality "1"]
[WhiteTeam "US of America"]
[BlackTeam "US of America"]
[WhiteTeamCountry "USA"]
[BlackTeamCountry "USA"]

1. e4 c5 2. Nf3 Nc6 3. d4 cxd4 4. Nxd4 g6 5. c4 Bg7 6. Be3 Nf6 7. Nc3 Ng4 8. Qxg4 Nxd4 9. Qd1 Ne6 10. Rc1 Qa5 11. Bd3 0-0 12. 0-0 Re8 13. f4 d6 14. f5 Nc5 0-1

[Event "LSS SB-2010-0-00100"]
[Site "LSS email"]
[Date "2010.07.12"]
[Round "?"]
[White "McDonald, Graham R"]
[Black "Soreghy, Janos"]
[Result "0-1"]
[WhiteElo "1575"]
[BlackElo "1888"]
[PlyCount "40"]
[EventDate "2010.06.14"]
[EventType "tourn (corr)"]
[EventRounds "6"]
[EventCountry "GER"]
[SourceTitle "Telechess CBM 143"]
[Source "ChessBase"]
[SourceDate "2011.07.15"]
[SourceVersion "1"]
[SourceVersionDate "2011.07.15"]
[SourceQuality "1"]

1. e4 c5 2. Nf3 e6 3. d4 cxd4 4. Nxd4 Nc6 5. Nc3 a6 6. Nxc6 bxc6 7. Bd3 d5 8. 0-0 Qc7 9. Qe2 Nf6 10. Bg5 Be7 11. e5 h6 12. Bh4 Nd7 13. Bxe7 Kxe7 14. Rae1 Re8 15. b3 Kf8 16. f4 a5 17. Qf2 Qa7 18. Qxa7 Rxa7 19. Rf3 Nc5 20. Bf1 Ba6 0-1

[Event "ZI-2010-0-00734"]
[Site "LSS email"]
[Date "2010.06.13"]
[Round "?"]
[White "McDonald, Graham R"]
[Black "Edwards, KEDG"]
[Result "0-1"]
[WhiteElo "1803"]
[BlackElo "1172"]
[PlyCount "70"]
[EventDate "2010.05.31"]
[EventType "match (corr)"]
[EventRounds "2"]
[EventCountry "GER"]
[SourceTitle "Telechess CBM 141"]
[Source "ChessBase"]
[SourceDate "2011.03.17"]
[SourceVersion "1"]
[SourceVersionDate "2011.03.17"]
[SourceQuality "1"]

1. e4 e6 2. d4 d5 3. Nc3 Bb4 4. e5 c5 5. a3 Bxc3+ 6. bxc3 Qa5 7. Bd2 Qa4 8. Qg4 g6 9. Qd1 b6 10. h4 cxd4 11. cxd4 Qxd4 12. Ne2 Qe4 13. f3 Qc4 14. Nc3 Qc5 15. Nb5 Bd7 16. Nd6+ Kf8 17. h5 Nc6 18. hxg6 fxg6 19. Qc1 Nge7 20. Qb2 Nf5 21. 0-0-0 Ne3 22. Re1 Nxf1 23. Rexf1 h5 24. Rh4 Kg8 25. Kb1 Rf8 26. Bg5 b5 27. Nb7 Qb6 28. Nd6 Rh7 29. Rfh1 a5 30. g4 Rxf3 31. gxh5 Rg3 32. hxg6 Rxh4 33. Bxh4 Rg1+ 34. Rxg1 Qxg1+ 35. Ka2 Qxg6 0-1

[Event "OP-2010-0-01162"]
[Site "LSS email"]
[Date "2010.05.16"]
[Round "?"]
[White "Hernandez Sanchez, Agustin Hector"]
[Black "McDonald, Graham R"]
[Result "0-1"]
[WhiteElo "772"]
[BlackElo "1877"]
[PlyCount "54"]
[EventDate "2010.05.12"]
[EventType "tourn (corr)"]
[EventRounds "4"]
[EventCountry "GER"]
[SourceTitle "Telechess CBM 141"]
[Source "ChessBase"]
[SourceDate "2011.03.17"]
[SourceVersion "1"]
[SourceVersionDate "2011.03.17"]
[SourceQuality "1"]

1. e4 e5 2. Nf3 f5 3. Nc3 fxe4 4. Nxe4 d5 5. Nc3 e4 6. Nd4 Nf6 7. d3 Bb4 8. Bd2 0-0 9. Be2 c5 10. Nb3 Nc6 11. 0-0 exd3 12. Bxd3 c4 13. Be2 cxb3 14. axb3 Be6 15. Bg5 Qd7 16. Re1 Ne4 17. Nxe4 Bxe1 18. Qxe1 dxe4 19. Rd1 Qc7 20. Bc4 Bxc4 21. bxc4 Qe5 22. Rd5 Qxb2 23. f4 exf3 24. gxf3 Nd4 25. Kg2 Rae8 26. Qh4 Re2+ 27. Kg3 Rxf3+ 0-1

[Event "LSS BI-2010-P-00004"]
[Site "LSS email"]
[Date "2010.04.19"]
[Round "?"]
[White "Aydin, Cagakan"]
[Black "McDonald, Graham R"]
[Result "0-1"]
[WhiteElo "1557"]
[BlackElo "1580"]
[PlyCount "20"]
[EventDate "2010.04.22"]
[EventType "tourn (corr)"]
[EventRounds "10"]
[EventCountry "GER"]
[SourceTitle "Corr 2013"]
[Source "ChessBase"]
[SourceDate "2012.11.12"]
[SourceVersion "1"]
[SourceVersionDate "2012.11.12"]
[SourceQuality "1"]

1. Nf3 d6 2. g3 e5 3. d3 f5 4. Bg2 Nf6 5. 0-0 Be7 6. Nbd2 0-0 7. e4 Nc6 8. c3 Qe8 9. Qb3+ Kh8 10. a4 Qh5 0-1

[Event "LSS BI-2010-P-00004"]
[Site "LSS email"]
[Date "2010.04.19"]
[Round "?"]
[White "McDonald, Graham R"]
[Black "Kele, Karoly"]
[Result "0-1"]
[WhiteElo "1799"]
[BlackElo "2051"]
[PlyCount "64"]
[EventDate "2010.04.22"]
[EventType "tourn (corr)"]
[EventRounds "10"]
[EventCountry "GER"]
[SourceTitle "Telechess CBM 141"]
[Source "ChessBase"]
[SourceDate "2011.03.17"]
[SourceVersion "1"]
[SourceVersionDate "2011.03.17"]
[SourceQuality "1"]

1. e4 c5 2. Nf3 e6 3. d4 cxd4 4. Nxd4 Nc6 5. Nc3 Qc7 6. f4 a6 7. Nxc6 Qxc6 8. Bd3 b5 9. Qe2 Bb7 10. Bd2 Bc5 11. 0-0-0 Ne7 12. Qh5 g6 13. Qg5 h6 14. Qf6 Rf8 15. Qh4 b4 16. Ne2 h5 17. Ng3 a5 18. f5 a4 19. f6 b3 20. a3 bxc2 21. Bxc2 Bxa3 22. Ne2 Bc5 23. fxe7 Bxe7 24. Qg3 a3 25. Bc3 a2 26. Kd2 h4 27. Qg4 Qd6+ 28. Bd3 e5 29. Kc2 Qc6 30. b3 d6 31. Ra1 Bc8 32. Qf3 Bg5 0-1

[Event "LSS BI-2010-P-00004"]
[Site "LSS email"]
[Date "2010.04.19"]
[Round "?"]
[White "McDonald, Graham R"]
[Black "Kireev, Sergey Ivanovich"]
[Result "0-1"]
[WhiteElo "1889"]
[BlackElo "2313"]
[PlyCount "48"]
[EventDate "2010.04.22"]
[EventType "tourn (corr)"]
[EventRounds "10"]
[EventCountry "GER"]
[SourceTitle "Telechess CBM 141"]
[Source "ChessBase"]
[SourceDate "2011.03.17"]
[SourceVersion "1"]
[SourceVersionDate "2011.03.17"]
[SourceQuality "1"]

1. e4 e5 2. f4 exf4 3. Nf3 g5 4. h4 g4 5. Ne5 Nf6 6. Bc4 d5 7. exd5 Bd6 8. d4 Nh5 9. 0-0 0-0 10. Nxg4 Qxh4 11. Nh2 Ng3 12. Re1 Nd7 13. Nd2 Nf6 14. Ndf3 Qh6 15. Ne5 Nfe4 16. Nd3 Kh8 17. Qf3 Ng5 18. Qf2 Rg8 19. Nxf4 N3e4 20. Rxe4 Nxe4 21. Qf3 Ng5 22. Qd3 Nh3+ 23. Nxh3 Bxh3 24. Bxh6 Rxg2+ 0-1

[Event "ZI-2010-0-00697"]
[Site "LSS email"]
[Date "2010.04.05"]
[Round "?"]
[White "McDonald, Graham R"]
[Black "Rodriguez Perez, Rene"]
[Result "1-0"]
[WhiteElo "1891"]
[BlackElo "1659"]
[PlyCount "53"]
[EventDate "2010.03.29"]
[EventType "match (corr)"]
[EventRounds "2"]
[EventCountry "GER"]
[SourceTitle "Telechess CBM 141"]
[Source "ChessBase"]
[SourceDate "2011.03.17"]
[SourceVersion "1"]
[SourceVersionDate "2011.03.17"]
[SourceQuality "1"]

1. e4 e6 2. d4 d5 3. Nc3 Bb4 4. e5 c5 5. a3 cxd4 6. axb4 dxc3 7. Qg4 cxb2 8. Bxb2 Qe7 9. Nf3 Nh6 10. Qf4 Na6 11. Ba3 Qc7 12. c4 0-0 13. Rc1 dxc4 14. Bxc4 Qb6 15. Bb3 Bd7 16. 0-0 Rfd8 17. Ng5 Bc6 18. Rfd1 Rxd1+ 19. Rxd1 Qb5 20. Nxf7 Nxf7 21. Bxe6 Be8 22. Bc4 Qa4 23. Rd3 Qc2 24. e6 Qb1+ 25. Bc1 Kh8 26. h3 Rc8 27. exf7 1-0

[Event "LSS SB-2010-0-00088"]
[Site "LSS email"]
[Date "2010.03.21"]
[Round "?"]
[White "McDonald, Graham R"]
[Black "Pott, Brian"]
[Result "0-1"]
[WhiteElo "1575"]
[BlackElo "1723"]
[PlyCount "82"]
[EventDate "2010.02.28"]
[EventType "tourn (corr)"]
[EventRounds "6"]
[EventCountry "GER"]
[SourceTitle "Telechess CBM 141"]
[Source "ChessBase"]
[SourceDate "2011.03.17"]
[SourceVersion "1"]
[SourceVersionDate "2011.03.17"]
[SourceQuality "1"]

1. e4 e5 2. f4 d5 3. exd5 e4 4. d3 Nf6 5. dxe4 Nxe4 6. Nf3 Bc5 7. Qe2 Bf5 8. Nc3 Qe7 9. Be3 Nxc3 10. Bxc5 Nxe2 11. Bxe7 Nxf4 12. Ba3 Nd7 13. 0-0-0 Be4 14. Re1 f5 15. Ng5 0-0-0 16. Nf7 Nxd5 17. Nxh8 Rxh8 18. Rg1 Ne5 19. Bc5 Re8 20. Bd4 g5 21. Bd3 Bxd3 22. Rxe5 Rxe5 23. Bxe5 Be4 24. Kd2 g4 25. a3 Ne7 26. g3 Nc6 27. Bg7 b5 28. Rd1 Nd8 29. Kc3 Ne6 30. Bd4 a5 31. Be3 Bf3 32. Rd2 c6 33. Bb6 a4 34. Kb4 Kb7 35. Be3 Bd5 36. Rf2 Be4 37. c4 bxc4 38. Kxc4 Nc7 39. Kc5 Nd5 40. Bh6 Kc7 41. Rd2 Bb1 0-1

[Event "LSS BI-2009-F-00008"]
[Site "LSS email"]
[Date "2010.02.15"]
[Round "?"]
[White "Kelbl, Jiri"]
[Black "McDonald, Graham R"]
[Result "1-0"]
[WhiteElo "1649"]
[BlackElo "1847"]
[PlyCount "93"]
[EventDate "2010.02.17"]
[EventType "tourn (corr)"]
[EventRounds "10"]
[EventCountry "GER"]
[SourceTitle "Telechess CBM 141"]
[Source "ChessBase"]
[SourceDate "2011.03.17"]
[SourceVersion "1"]
[SourceVersionDate "2011.03.17"]
[SourceQuality "1"]

1. e4 e5 2. Nf3 Nc6 3. Bb5 a6 4. Ba4 Nf6 5. 0-0 Be7 6. Re1 b5 7. Bb3 0-0 8. c3 d5 9. exd5 Nxd5 10. Nxe5 Nxe5 11. Rxe5 c6 12. d4 Bd6 13. Re1 Qh4 14. g3 Qh3 15. Be3 Bg4 16. Qd3 Rae8 17. Nd2 Re6 18. a4 f5 19. axb5 f4 20. Bxf4 Bxf4 21. Rxe6 Bxe6 22. bxa6 Bxd2 23. a7 Ra8 24. Qxd2 Bf7 25. Qe2 Qd7 26. Qa6 Qc7 27. Bc4 h6 28. Bd3 Ne7 29. Be4 Bd5 30. Bxd5+ cxd5 31. Kg2 Nc6 32. Qb5 Rxa7 33. Rxa7 Nxa7 34. Qxd5+ Kf8 35. Qc5+ Qxc5 36. dxc5 Ke7 37. Kf3 Kd7 38. Ke4 Kc6 39. b4 Nb5 40. Kf5 Nxc3 41. Kg6 Nd5 42. Kxg7 Nxb4 43. Kxh6 Kxc5 44. h4 Nd5 45. f4 Ne7 46. Kg5 Kd5 47. Kf6 1-0

[Event "LSS BI-2009-F-00008"]
[Site "LSS email"]
[Date "2010.02.15"]
[Round "?"]
[White "McDonald, Graham R"]
[Black "Sadler, Kirk"]
[Result "1-0"]
[WhiteElo "1897"]
[BlackElo "1519"]
[PlyCount "51"]
[EventDate "2010.02.17"]
[EventType "tourn (corr)"]
[EventRounds "10"]
[EventCountry "GER"]
[SourceTitle "Telechess CBM 141"]
[Source "ChessBase"]
[SourceDate "2011.03.17"]
[SourceVersion "1"]
[SourceVersionDate "2011.03.17"]
[SourceQuality "1"]

1. e4 e5 2. Nf3 Nf6 3. d4 Nxe4 4. Bd3 d5 5. Nxe5 Nd7 6. Nxd7 Bxd7 7. 0-0 Bd6 8. Nc3 Nxc3 9. bxc3 Qh4 10. Re1+ Be6 11. g3 Qh3 12. Bf1 Qf5 13. Rb1 0-0-0 14. Be3 c6 15. Qe2 Rd7 16. a4 h5 17. h4 Re8 18. a5 Qg6 19. Qd2 Ree7 20. a6 b5 21. Bg5 f6 22. Bf4 Bxf4 23. Qxf4 Qg4 24. Qc1 Qf5 25. Qa3 g5 26. Bxb5 1-0

[Event "LSS BI-2009-F-00008"]
[Site "LSS email"]
[Date "2010.02.15"]
[Round "?"]
[White "Schubert, Steffen"]
[Black "McDonald, Graham R"]
[Result "1/2-1/2"]
[WhiteElo "1967"]
[BlackElo "1580"]
[PlyCount "39"]
[EventDate "2010.02.17"]
[EventType "tourn (corr)"]
[EventRounds "10"]
[EventCountry "GER"]
[SourceTitle "Corr 2013"]
[Source "ChessBase"]
[SourceDate "2012.11.12"]
[SourceVersion "1"]
[SourceVersionDate "2012.11.12"]
[SourceQuality "1"]

1. e4 e5 2. Nf3 Nc6 3. Bb5 a6 4. Bxc6 dxc6 5. 0-0 Bg4 6. h3 h5 7. d3 Qf6 8. Nbd2 Ne7 9. Re1 Ng6 10. d4 Bd6 11. a3 0-0-0 12. c3 Kb8 13. Qa4 exd4 14. cxd4 Be7 15. Qb3 Be6 16. Nc4 b5 17. Qc3 Bxc4 18. b3 c5 19. e5 Qe6 20. bxc4 1/2-1/2

[Event "ZI-2010-0-00649"]
[Site "LSS email"]
[Date "2010.02.10"]
[Round "?"]
[White "McDonald, Graham R"]
[Black "Kudryavtsev, Yaroslav Viktorovic"]
[Result "0-1"]
[WhiteElo "1744"]
[BlackElo "1991"]
[PlyCount "110"]
[EventDate "2010.02.07"]
[EventType "match (corr)"]
[EventRounds "2"]
[EventCountry "GER"]
[SourceTitle "Telechess CBM 141"]
[Source "ChessBase"]
[SourceDate "2011.03.17"]
[SourceVersion "1"]
[SourceVersionDate "2011.03.17"]
[SourceQuality "1"]

1. e4 c5 2. Ne2 Nf6 3. Nbc3 d6 4. g3 Nc6 5. Bg2 g6 6. 0-0 Bg7 7. d3 0-0 8. h3 Rb8 9. f4 Qc7 10. g4 b5 11. Ng3 b4 12. Nce2 Nd7 13. f5 Qb6 14. Kh1 Bb7 15. Nf4 Qa5 16. a3 Be5 17. Nge2 Qa4 18. Nd5 Ba8 19. g5 e6 20. Nc7 gxf5 21. exf5 Bb7 22. fxe6 fxe6 23. Nxe6 Rxf1+ 24. Qxf1 Qxc2 25. axb4 Qxd3 26. N6f4 Bxf4 27. Nxf4 Qxf1+ 28. Bxf1 Nxb4+ 29. Kh2 Ne5 30. Rxa7 Nf3+ 31. Kg3 Nxg5 32. Bc4+ Nf7 33. Bd2 Nc6 34. Ra3 Kf8 35. Rb3 Nfe5 36. Bd5 Nb4 37. Bxb4 Bxd5 38. Nxd5 Kf7 39. Re3 cxb4 40. Kf4 Rc8 41. b3 Nc6 42. Re4 Rb8 43. Rc4 Rb5 44. Ke4 Rc5 45. Rxc5 dxc5 46. Nf4 Nd4 47. Kd5 Nxb3 48. Nd3 Kf6 49. Kc4 Nd2+ 50. Kxc5 b3 51. Kb4 Kf5 52. Kc3 Nf3 53. Kxb3 h5 54. Kc4 Ng5 55. Kd4 Nxh3 0-1

[Event "LSS SB-2009-0-00076"]
[Site "LSS email"]
[Date "2010.01.07"]
[Round "?"]
[White "Boyd, John Michael"]
[Black "McDonald, Graham R"]
[Result "1/2-1/2"]
[WhiteElo "1891"]
[BlackElo "1877"]
[PlyCount "84"]
[EventDate "2009.12.09"]
[EventType "tourn (corr)"]
[EventRounds "6"]
[EventCountry "GER"]
[SourceTitle "Telechess CBM 141"]
[Source "ChessBase"]
[SourceDate "2011.03.17"]
[SourceVersion "1"]
[SourceVersionDate "2011.03.17"]
[SourceQuality "1"]

1. Nf3 d6 2. g3 e5 3. Bg2 f5 4. d3 Nf6 5. 0-0 Be7 6. c4 0-0 7. Nc3 Qe8 8. c5 Kh8 9. Bd2 Na6 10. cxd6 Bxd6 11. Rc1 c6 12. e4 fxe4 13. dxe4 Be6 14. Bg5 Rd8 15. Qe2 Qh5 16. Be3 Ng4 17. Bxa7 Rxf3 18. h3 Rf6 19. hxg4 Bxg4 20. f3 Rh6 21. Kf2 Qf7 22. Kg1 Be6 23. Rfd1 Qh5 24. Kf2 Rg6 25. g4 Qh4+ 26. Kg1 h5 27. Bf2 Bc5 28. Bxc5 Nxc5 29. Rxd8+ Qxd8 30. gxh5 Qd4+ 31. Kh2 Rh6 32. Rd1 Rxh5+ 33. Kg3 Qb4 34. a3 Qa5 35. Qd2 Nd7 36. Ne2 Qd8 37. Rh1 Rxh1 38. Bxh1 Qf6 39. Bg2 Nf8 40. Kf2 Ng6 41. Qc3 Qh4+ 42. Kg1 Qg5 1/2-1/2

[Event "LSS SB-2009-0-00076"]
[Site "LSS email"]
[Date "2010.01.07"]
[Round "?"]
[White "McDonald, Graham R"]
[Black "Mujica, Hector"]
[Result "1/2-1/2"]
[WhiteElo "1580"]
[BlackElo "1863"]
[PlyCount "46"]
[EventDate "2009.12.09"]
[EventType "tourn (corr)"]
[EventRounds "6"]
[EventCountry "GER"]
[SourceTitle "Corr 2013"]
[Source "ChessBase"]
[SourceDate "2012.11.12"]
[SourceVersion "1"]
[SourceVersionDate "2012.11.12"]
[SourceQuality "1"]
[WhiteTeam "US of America"]
[BlackTeam "US of America"]
[WhiteTeamCountry "USA"]
[BlackTeamCountry "USA"]

1. e4 e5 2. Nf3 Nf6 3. d4 Nxe4 4. Bd3 d5 5. Nxe5 Bd6 6. 0-0 0-0 7. c4 Bxe5 8. dxe5 Nc6 9. cxd5 Qxd5 10. Qc2 Nb4 11. Bxe4 Nxc2 12. Bxd5 Bf5 13. g4 Bxg4 14. Be4 Nxa1 15. Bf4 f6 16. Nc3 fxe5 17. Be3 Bf3 18. Rxa1 Bxe4 19. Nxe4 b6 20. b4 Rad8 21. Rc1 Rf7 22. Kf1 Rd3 23. Ke2 Rfd7 1/2-1/2

[Event "LSS OP-2009-0-01005"]
[Site "LSS email"]
[Date "2009.11.26"]
[Round "?"]
[White "McDonald, Graham R"]
[Black "Lindstrom, Timothy"]
[Result "1-0"]
[WhiteElo "1908"]
[BlackElo "1539"]
[PlyCount "35"]
[EventDate "2009.11.21"]
[EventType "tourn (corr)"]
[EventRounds "4"]
[EventCountry "GER"]
[SourceTitle "Corr 2013"]
[Source "ChessBase"]
[SourceDate "2012.11.12"]
[SourceVersion "1"]
[SourceVersionDate "2012.11.12"]
[SourceQuality "1"]

1. e4 c5 2. Nf3 d6 3. d4 cxd4 4. Nxd4 Nf6 5. Nc3 a6 6. f4 e6 7. Qf3 Be7 8. Be3 0-0 9. 0-0-0 Nc6 10. Rg1 Qc7 11. g4 Nd7 12. g5 b5 13. f5 Nde5 14. Qf2 Nxd4 15. Bxd4 b4 16. Na4 exf5 17. exf5 Qa5 18. Nb6 1-0

[Event "LSS SB-2009-0-00069"]
[Site "LSS email"]
[Date "2009.11.24"]
[Round "?"]
[White "McDonald, Graham R"]
[Black "Bujdak, Pavol"]
[Result "1-0"]
[WhiteElo "1900"]
[BlackElo "1808"]
[PlyCount "63"]
[EventDate "2009.10.11"]
[EventType "tourn (corr)"]
[EventRounds "6"]
[EventCountry "GER"]
[SourceTitle "Telechess CBM 141"]
[Source "ChessBase"]
[SourceDate "2011.03.17"]
[SourceVersion "1"]
[SourceVersionDate "2011.03.17"]
[SourceQuality "1"]

1. e4 g6 2. d4 d6 3. Nc3 Bg7 4. f4 Nf6 5. Nf3 0-0 6. Bd3 Bg4 7. h3 Bxf3 8. Qxf3 Nc6 9. Be3 e5 10. dxe5 dxe5 11. f5 Nd4 12. Qf2 b5 13. g4 c5 14. g5 c4 15. gxf6 Bxf6 16. 0-0-0 Bh4 17. Qg2 cxd3 18. Rxd3 Rc8 19. Kb1 b4 20. Bxd4 exd4 21. Nd5 Bf6 22. h4 a5 23. fxg6 fxg6 24. h5 g5 25. Rf3 h6 26. Rhf1 Bg7 27. Rxf8+ Bxf8 28. e5 d3 29. cxd3 Bg7 30. Qe4 Qe8 31. e6 Kh8 32. d4 1-0

[Event "LSS SB-2009-0-00069"]
[Site "LSS email"]
[Date "2009.11.24"]
[Round "?"]
[White "McDonald, Graham R"]
[Black "Wicklund Hansen, Gunnar"]
[Result "0-1"]
[WhiteElo "1575"]
[BlackElo "1880"]
[PlyCount "100"]
[EventDate "2009.10.11"]
[EventType "tourn (corr)"]
[EventRounds "6"]
[EventCountry "GER"]
[SourceTitle "Telechess CBM 141"]
[Source "ChessBase"]
[SourceDate "2011.03.17"]
[SourceVersion "1"]
[SourceVersionDate "2011.03.17"]
[SourceQuality "1"]

1. e4 c5 2. Nf3 d6 3. d4 cxd4 4. Nxd4 Nf6 5. Nc3 a6 6. f4 e5 7. Nf3 Nbd7 8. a4 Be7 9. Bd3 0-0 10. 0-0 Nc5 11. Kh1 exf4 12. Bxf4 Bg4 13. Qd2 Rc8 14. Nd4 Re8 15. h3 Bh5 16. Nf5 Bg6 17. Be3 Bxf5 18. Rxf5 Qb6 19. b3 Bd8 20. Bc4 Qc7 21. Bxc5 dxc5 22. Raf1 Qb8 23. Qg5 Kh8 24. Bxf7 Rxe4 25. Bd5 Re8 26. Ne4 Qc7 27. Qh4 Ng8 28. Qg4 Be7 29. Bxg8 Rxg8 30. Rf7 Qe5 31. R1f5 Qe6 32. Qf4 Qd7 33. Qe5 Rce8 34. Nxc5 Qd1+ 35. Rf1 Bxc5 36. Qxc5 Qe2 37. c4 Re6 38. Qf2 Qxf2 39. R1xf2 Rb6 40. R2f3 h6 41. a5 Rb4 42. Rc7 Kh7 43. Rff7 Rxb3 44. Rxb7 Ra3 45. Rf5 Rc8 46. Rff7 Rg8 47. c5 Rxa5 48. c6 Rc5 49. c7 Kg6 50. Rd7 Kf5 0-1

[Event "LSS SB-2009-0-00069"]
[Site "LSS email"]
[Date "2009.11.24"]
[Round "?"]
[White "Turoczi, Peter"]
[Black "McDonald, Graham R"]
[Result "0-1"]
[WhiteElo "1747"]
[BlackElo "1877"]
[PlyCount "58"]
[EventDate "2009.10.11"]
[EventType "tourn (corr)"]
[EventRounds "6"]
[EventCountry "GER"]
[SourceTitle "Telechess CBM 141"]
[Source "ChessBase"]
[SourceDate "2011.03.17"]
[SourceVersion "1"]
[SourceVersionDate "2011.03.17"]
[SourceQuality "1"]

1. d4 d5 2. Nf3 Nc6 3. c4 Bg4 4. Nc3 e6 5. cxd5 exd5 6. Bf4 Bxf3 7. exf3 Bd6 8. Be3 Nf6 9. a3 0-0 10. Bd3 Re8 11. 0-0 Qd7 12. Qa4 a6 13. Rfe1 h6 14. h3 b5 15. Qc2 Na5 16. b3 Qc6 17. Qb2 Qb6 18. Ne2 Nb7 19. Ng3 Nd8 20. Nf5 Bf8 21. b4 Ne6 22. h4 h5 23. Rec1 Rac8 24. a4 c6 25. axb5 cxb5 26. Rc3 Nd7 27. Rca3 Nb8 28. Ng3 Qd8 29. Nxh5 Qxh4 0-1